How to train your dragon villains - Statistics

General Stats
  • This quiz has been taken 208 times
  • The average score is 6 of 8
Answer Stats
Hint Answer % Correct
no. 2 The fat one with the beard and the 'alpha': Drago Bludvist.
96%
no. 3 Falls into volcano at 'end' of series: Viggo Grimborn.
86%
no. 4 Brother of the above: Ryker Grimborn.
78%
no. 5 Ex-friend of Stoik: Alvin the Treacherous
71%
no. 7 The one who gossips with bad guys in trade: Johann
69%
no. 1 Calls Hiccup his brother: Dagger the Deranged
67%
no. 8 The guy who gets beheaded by no. 2: Krogan
57%
no. 6 Colleague of above, then quits: Savage
57%
No matching quizzes found
Score Distribution
Percent of People with Each Score
Percentile by Number Answered
Your Score History
You have not taken this quiz